ARRUPE JESUIT UNIVERSITY

CORONAVIRUS -STOP THE SPREAD - CLEAN,DISINFECT,COVER

Botswana: (Record no. 30038)

MARC details
000 -LEADER
fixed length control field 00471nam a2200193Ia 4500
003 - CONTROL NUMBER IDENTIFIER
control field 0100
005 - DATE AND TIME OF LATEST TRANSACTION
control field 20180228155702.0
008 - FIXED-LENGTH DATA ELEMENTS--GENERAL INFORMATION
fixed length control field 130303s9999 xx 000 0 und d
040 ## - CATALOGING SOURCE
Transcribing agency ARRUPELIB
050 ## - LIBRARY OF CONGRESS CALL NUMBER
Classification number DT791.S514 1974
300 ## - PHYSICAL DESCRIPTION
Other physical details 219p. 18cm.
100 ## - MAIN ENTRY--PERSONAL NAME
Personal name Sillery, Anthony
9 (RLIN) 39885
245 ## - TITLE STATEMENT
Title Botswana:
Remainder of title a short political history /
260 ## - PUBLICATION, DISTRIBUTION, ETC. (IMPRINT)
Place of publication, distribution, etc London
Name of publisher, distributor, etc Methuen and Company Limited
Date of publication, distribution, etc 1974
300 ## - PHYSICAL DESCRIPTION
Extent x
440 ## - SERIES STATEMENT/ADDED ENTRY--TITLE
Title studies in African History No. 8
9 (RLIN) 39886
650 ## - SUBJECT ADDED ENTRY--TOPICAL TERM
Topical term or geographic name as entry element Botswana
General subdivision Politics
9 (RLIN) 30996
942 ## - ADDED ENTRY ELEMENTS (KOHA)
Source of classification or shelving scheme Library of Congress Classification
Koha item type Monograph ( Printed materials)
Holdings
Withdrawn status Lost status Source of classification or shelving scheme Damaged status Not for loan Collection code Home library Current library Shelving location Date acquired Total Checkouts Full call number Barcode Date last seen Date checked out Copy number Price effective from Koha item type
    Library of Congress Classification     Main Collection ARRUPE LIBRARY ARRUPE LIBRARY   04/03/2013 3 DT791.S514 1974 46003094025 07/12/2017 02/11/2015 1 04/03/2013 Monograph ( Printed materials)

 

Arrupe Library. PO Box MP320 Mt Pleasant, Harare, Zimbabwe
263 242 745411|librarian@aju.ac.zw